| 000 | 00584nam a2200241 a 4500 | ||
|---|---|---|---|
| 999 |
_c6178 _d6178 |
||
| 001 | 6178 | ||
| 003 | BD-JhCC | ||
| 005 | 20180118125827.0 | ||
| 008 | 180115s2006 u a|||| || | 000 0 eng d | ||
| 020 | _a9780471754794 | ||
| 020 | _a047175479X | ||
| 035 | _a(BD-JhCC)6178 | ||
| 040 |
_aBD-JhCC _dBD-JhCC |
||
| 041 | _aeng | ||
| 082 |
_a005.1 _bBUC 2006 |
||
| 100 | _aBucanek, James | ||
| 245 |
_aBeginning Xcode / _cJames Bucanek, |
||
| 260 |
_aUSA : _bWiley Publishing, Inc. _c2006 |
||
| 300 |
_a589 p. : _c25 cm. |
||
| 650 | _aComputer | ||
| 942 |
_2ddc _cBK |
||